Microscopic Monsters / (Record no. 2703)

MARC details
000 -LEADER
fixed length control field 01305nam a22003017a 4500
005 - DATE AND TIME OF LATEST TRANSACTION
control field 20240111133357.0
020 ## - INTERNATIONAL STANDARD BOOK NUMBER
International Standard Book Number 9781407106137
040 ## - CATALOGING SOURCE
Original cataloging agency DLC
Language of cataloging eng
Description conventions rda
Transcribing agency DLC
050 00 - LIBRARY OF CONGRESS CALL NUMBER
Classification number Q180.2
082 ## - DEWEY DECIMAL CLASSIFICATION NUMBER
Edition number 579
100 1# - MAIN ENTRY--PERSONAL NAME
Personal name Arnold, Nick
Relator term author.
245 10 - TITLE STATEMENT
Title Microscopic Monsters /
Statement of responsibility, etc. by Arnold, Nick : illustrated by De Sulles, Tony
250 ## - EDITION STATEMENT
Edition statement First published in the UK
260 ## - PUBLICATION, DISTRIBUTION, ETC.
Place of publication, distribution, etc. London :
Name of publisher, distributor, etc. Scholastic ,
Date of publication, distribution, etc. 2001,2008
300 ## - PHYSICAL DESCRIPTION
Extent 158 pages :
Other physical details illustrations ;
Dimensions 20 cm .
490 ## - SERIES STATEMENT
Series statement Horrible Science
500 ## - GENERAL NOTE
General note Each volume contains own index.
505 0# - FORMATTED CONTENTS NOTE
Formatted contents note X <br/>
520 ## - SUMMARY, ETC.
Summary, etc. Children will laugh and learn as they explore the weird side of science with the Horrible Science Series. How do vampire bats suck blood? What makes stink bombs stink? These are just a few of the questions that are answered in this wacky science fact series. Cartoon-style illustrations depict the more grotesque aspects of science that fascinate children. Text copyright 2004 Lectorum Publications, Inc.
521 ## - TARGET AUDIENCE NOTE
Target audience note 900 <br/>
Source Lexile <br/>
521 ## - TARGET AUDIENCE NOTE
Target audience note X <br/>
Source Raz-Plus <br/>
650 #0 - SUBJECT ADDED ENTRY--TOPICAL TERM
Topical term or geographic name entry element Science
Form subdivision Juvenile literature.
650 #0 - SUBJECT ADDED ENTRY--TOPICAL TERM
Topical term or geographic name entry element Science
General subdivision Study and teaching (Primary)
700 1# - ADDED ENTRY--PERSONAL NAME
Personal name De Saulles, Tony
Relator term illustrator
906 ## - LOCAL DATA ELEMENT F, LDF (RLIN)
a 7
b cbc
c origres
d 2
e ncip
f 20
g y-gencatlg
942 ## - ADDED ENTRY ELEMENTS (KOHA)
Source of classification or shelving scheme Dewey Decimal Classification
Koha item type Books
Suppress in OPAC No
999 ## -
-- 2703
-- 2703
Holdings
Withdrawn status Lost status Source of classification or shelving scheme Damaged status Not for loan Collection Home library Current library Shelving location Date acquired Total Checkouts Full call number Barcode Date last seen Price effective from Koha item type
    Dewey Decimal Classification     Non-Fiction Footprints International School Library Network Toul Kork Campus Footprints International School Library Network Toul Kork Campus TTP Secondary Non-Fiction Bookshelves 01/10/2024   ARN 579 Q180.2 FIS01149 01/10/2024 01/10/2024 Books